书目信息 |
| 题名: |
财务会计
|
|
| 作者: | 沙彬 主编 | |
| 分册: | ||
| 出版信息: | 沈阳 东北大学出版社 1994 |
|
| 页数: | 373页 | |
| 开本: | 19cm | |
| 丛书名: | ||
| 单 册: | ||
| 中图分类: | F275 | |
| 科图分类: | 29.1547 | |
| 主题词: | 企业管理∶财务管理--教材 , 财务管理∶企业管理--教材 | |
| 电子资源: | ||
| ISBN: | 7-81006-922-5 | |
| 000 | 00685nnam 2200253 45 | |
| 001 | 0196005492 | |
| 005 | 20070723090206.68 | |
| 010 | @a7-81006-922-5@dCNY12.00 | |
| 100 | @a19950617d1994 em y0chiy0121 ea | |
| 101 | 0 | @achi |
| 102 | @aCN@b210000 | |
| 105 | @ay z 000yy | |
| 200 | 10 | @a财务会计@Acai wu kuai ji@f沙彬等主编@Fsha bin deng zhu bian |
| 210 | @a沈阳@c东北大学出版社@d1994 | |
| 215 | @a373页@d19cm | |
| 300 | @a经济管理教程 | |
| 314 | @a顾瑛,沈阳大学任教 | |
| 606 | @a企业管理∶财务管理@x教材 | |
| 606 | @a财务管理∶企业管理@x教材 | |
| 690 | @aF275 | |
| 692 | @a29.1547 | |
| 701 | 0 | @a沙彬@Asha bin@4主编 |
| 801 | 0 | @aCN@bTSSF@c20070723 |
| 905 | @a10447@dF275@e589 | |
| 财务会计/沙彬等主编.-沈阳:东北大学出版社,1994 |
| 373页;19cm |
| 经济管理教程 |
| ISBN 7-81006-922-5:CNY12.00 |
| ● |
| 相关链接 |
|
|
|
|
正题名:财务会计
索取号:F275/589
 
预约/预借
| 序号 | 登录号 | 条形码 | 馆藏地/架位号 | 状态 | 备注 |
| 1 | 0768313 | 207683130 | 第一样本阅览室/ [索取号:F275/589] | 在馆 |